|
|
|
|
| LEADER |
00000cam a22000004a 4500 |
| 001 |
musev2_72050 |
| 003 |
MdBmJHUP |
| 005 |
20230905051424.0 |
| 006 |
m o d |
| 007 |
cr||||||||nn|n |
| 008 |
190920s2019 quc o 00 0 fre d |
| 020 |
|
|
|a 9782760552432
|
| 020 |
|
|
|z 9782760552425
|
| 035 |
|
|
|a (OCoLC)1132429806
|
| 040 |
|
|
|a MdBmJHUP
|c MdBmJHUP
|
| 245 |
0 |
4 |
|a Les transitions énergétiques :
|b Discours consensuels, processus conflictuels /
|c sous la direction de Pierre-Henri Bombenger, Éric Mottet et Corinne Larrue.
|
| 264 |
|
1 |
|a Québec :
|b Presses de l'Université du Québec,
|c 2019.
|
| 264 |
|
3 |
|a Baltimore, Md. :
|b Project MUSE,
|c 2020
|
| 264 |
|
4 |
|c ©2019.
|
| 300 |
|
|
|a 1 online resource (168 pages).
|
| 336 |
|
|
|a text
|b txt
|2 rdacontent
|
| 337 |
|
|
|a computer
|b c
|2 rdamedia
|
| 338 |
|
|
|a online resource
|b cr
|2 rdacarrier
|
| 490 |
0 |
|
|a Géographie contemporaine ;
|v 42
|
| 588 |
|
|
|a Description based on print version record.
|
| 650 |
|
6 |
|a Énergies renouvelables.
|
| 650 |
|
6 |
|a Politique énergétique
|x Aspect de l'environnement.
|
| 650 |
|
6 |
|a Industries énergétiques
|x Aspect de l'environnement.
|
| 650 |
|
6 |
|a Transition énergétique.
|
| 655 |
|
7 |
|a Electronic books.
|2 local
|
| 700 |
1 |
|
|a Larrue, Corinne,
|e éditeur intellectuel.
|
| 700 |
1 |
|
|a Mottet, Éric,
|d 1973-
|e éditeur intellectuel.
|
| 700 |
1 |
|
|a Bombenger, Pierre-Henri,
|e éditeur intellectuel.
|
| 710 |
2 |
|
|a Project Muse.
|e distributor
|
| 830 |
|
0 |
|a Book collections on Project MUSE.
|
| 856 |
4 |
0 |
|z Texto completo
|u https://projectmuse.uam.elogim.com/book/72050/
|
| 945 |
|
|
|a Project MUSE - Custom Collection
|
| 945 |
|
|
|a Project MUSE - 2020 Complete
|
| 945 |
|
|
|a Project MUSE - 2020 Political Science and Policy Studies
|